Statistics for Sherlock Holmes Stories By Abbreviation

Click here to take the quiz!

General Stats

  • This quiz has been taken 65 times
    (61 since last reset)
  • The average score is 27 of 60

Answer Stats

HintAnswer% Correct
SIGNThe Sign of Four
84%
STUDA Study in Scarlet
81%
HOUNThe Hound of the Baskervilles
74%
ABBEThe Abbey Grange
65%
EMPTThe Empty House
65%
FINAThe Final Problem
65%
MUSGThe Musgrave Ritual
65%
FIVEThe Five Orange Pips
58%
REDHThe Red-Headed League
58%
SCANA Scandal in Bohemia
56%
BRUCThe Bruce-Partington Plans
56%
DANCThe Dancing Men
56%
SPECThe Speckled Band
56%
CROOThe Crooked Man
53%
SILVSilver Blaze
51%
BLUEThe Blue Carbuncle
51%
DYINThe Dying Detective
51%
NAVAThe Naval Treaty
51%
3GARThe Three Garridebs
49%
BERYThe Beryl Coronet
47%
COPPThe Copper Beeches
47%
DEVIThe Devil's Foot
47%
TWISThe Man with the Twisted Lip
47%
PRIOThe Priory School
47%
VALLThe Valley of Fear
47%
LASTHis Last Bow
44%
NORWThe Norwood Builder
44%
SOLIThe Solitary Cyclist
44%
3STUThe Three Students
44%
MAZAThe Mazarin Stone
42%
SECOThe Second Stain
42%
YELLThe Yellow Face
42%
WISTWisteria Lodge
42%
BLACBlack Peter
40%
SHOSShoscombe Old Place
40%
BOSCThe Boscombe Valley Mystery
40%
CARDThe Cardboard Box
40%
GLORThe "Gloria Scott"
40%
ILLUThe Illustrious Client
40%
THORThe Problem of Thor Bridge
40%
SUSSThe Sussex Vampire
40%
3GABThe Three Gables
40%
ENGRThe Engineer's Thumb
37%
GOLDThe Golden Pince-Nez
37%
LIONThe Lion's Mane
37%
BLANThe Blanched Soldier
35%
CREEThe Creeping Man
35%
NOBLThe Noble Bachelor
35%
RESIThe Resident Patient
35%
GREEThe Greek Interpreter
33%
IDENA Case of Identity
28%
LADYThe Disappearance of Lady Frances Carfax
28%
RETIThe Retired Colourman
28%
STOCThe Stockbroker's Clerk
28%
VEILThe Veiled Lodger
28%
REDCThe Red Circle
26%
REIGThe Reigate Squires
26%
SIXNThe Six Napoleons
26%
MISSThe Missing Three-Quarter
21%
CHASCharles Augustus Milverton
19%

Score Distribution

Percentile by Number Answered

Percent of People with Each Score

Your Score History

You have not taken this quiz since the last reset